zpět

Detail výsledku týmu

Chicago Bar & Grill ÚT, Liberec

Datum a čas kvízu

21 Celkem bodů Celkový počet nahraných bodů na tomto kvízu bez doplňovacích otázek.
9. Pořadí na kvízu Konečné umístění týmu na tomto kvízu.

Zaznamenané odpovědi

# Otázka Odpověď Body Výsledky
1. Při informování o rozdělení mi... prevence 0
2. Nejen u nás, ale i v jedné sou... v Polsku 0
3. Minulou středu měla premiéru t... Naked Attraction 1
4. Minulý týden jsme se dozvěděli... Venezuela 1
5. Organizátoři nadcházejících zi... Olympijské ohně budou dva. 0
6. Rozdělení Římské říše v roce 3... 476 (Západořímská) a 1453 (Východořímská) 0
7. Ve 14. století Evropu sevřela... D 0
8. Adolf Hitler se nepoučil z výs... 6. armáda, (Friedrich) Paulus 0
9. Jak se jednoslovně nazývá tent... Watergate 0
10. Jak moc velkou chybou byl či n... A 1